Discursos leídos en la solemne inauguración de las sesiones del curso de 1874 a 1875 de la Sociedad Histológica de Madrid, celebrada el día 6 de diciembre de 1874 / (Record no. 166815)

MARC details
000 -LEADER
campo de control de longitud fija 01312nam a2200277 i 4500
001 - NÚMERO DE CONTROL
campo de control 166815
003 - IDENTIFICADOR DE NÚMERO DE CONTROL
campo de control ES-MaACL
005 - FECHA Y HORA DE LA ÚLTIMA TRANSACCIÓN
campo de control 20250717050004.0
008 - DATOS DE LONGITUD FIJA--INFORMACIÓN GENERAL
campo de control de longitud fija 020913s1874 sp |||| | spa d
100 1# - ENTRADA PRINCIPAL--NOMBRE DE PERSONA
Nombre de persona Ustáriz y Escribano, José.
9 (RLIN) 112318
245 10 - MENCIÓN DEL TÍTULO
Título Discursos leídos en la solemne inauguración de las sesiones del curso de 1874 a 1875 de la Sociedad Histológica de Madrid, celebrada el día 6 de diciembre de 1874 /
Mención de responsabilidad, etc. por José Ustáriz y Aureliano Maestre-de San Juan.
260 ## - PUBLICACIÓN, DISTRIBUCIÓN, ETC.
Lugar de publicación, distribución, etc. Madrid :
Nombre del editor, distribuidor, etc. [s.n.],
Fecha de publicación, distribución, etc. 1874 (
Fabricante Imp. de José M. Ducazcal)
300 ## - DESCRIPCIÓN FÍSICA
Extensión 78 p. ;
Dimensiones 19 cm.
530 ## - NOTA DISPONIBLE DE FORMULARIO FÍSICO ADICIONAL
Nota de formato físico adicional disponible Disponible en formato digital.
594 ## - Nota al título y mención de responsabilidad
Nota al título y mención de responsabilidad Tema: Modo de generar los elementos anatómicos.
650 #4 - PUNTO DE ACCESO ADICIONAL DE MATERIA--TÉRMINO DE MATERIA
Término de materia o nombre geográfico como elemento de entrada Histología.
9 (RLIN) 164981
650 ## - PUNTO DE ACCESO ADICIONAL DE MATERIA--TÉRMINO DE MATERIA
Término de materia o nombre geográfico como elemento de entrada Reproducción.
9 (RLIN) 16853
650 07 - PUNTO DE ACCESO ADICIONAL DE MATERIA--TÉRMINO DE MATERIA
Término de materia o nombre geográfico como elemento de entrada Biogénesis
Fuente del encabezamiento o término embne
9 (RLIN) 10571
700 1# - ENTRADA AGREGADA--NOMBRE PERSONAL
Nombre de persona Maestre de San Juan, Aureliano.
9 (RLIN) 129331
710 2# - ENTRADA AGREGADA--NOMBRE DE ENTIDAD CORPORATIVA
Nombre de entidad corporativa o nombre de jurisdicción como elemento de entrada Sociedad Histológica de Madrid.
9 (RLIN) 6783
852 ## - LOCALIZACIÓN
Ubicación ES-MaACL
Número de control de estantería T-171-F-21
Nota libre - Enc. hol.
-- - Enc. en un vol. facticio
852 ## - LOCALIZACIÓN
Ubicación ES-MaACL
Número de control de estantería T-623-F-6
Nota libre - Enc. hol.
-- - Enc. en un vol. facticio
852 ## - LOCALIZACIÓN
Ubicación ES-MaACL
Número de control de estantería T-681-F-3
Nota libre - Enc. hol. conservando cub. original
-- - Enc. en un vol. facticio
856 ## - LOCALIZACIÓN Y ACCESO ELECTRÓNICOS
Identificador Uniforme de Recursos <a href="http://bdh-rd.bne.es/viewer.vm?id=0000105742&page=1 ">http://bdh-rd.bne.es/viewer.vm?id=0000105742&page=1 </a>
Nota pública Biblioteca Digital Hispánica
Holdings
Estatus retirado Estado de pérdida Estado de daño No para préstamo Colección Biblioteca de origen Biblioteca actual Ubicación en estantería Fecha de adquisición Total de préstamos Signatura topográfica completa Código de barras Visto por última vez Precio de reemplazo Tipo de ítem Koha
        Colección de folletos Biblioteca del Ateneo de Madrid Biblioteca del Ateneo de Madrid Depósito folletos 17/01/2008   T-681-F-3 1174972 23/02/2023 23/02/2023 Folleto
        Colección de folletos Biblioteca del Ateneo de Madrid Biblioteca del Ateneo de Madrid Depósito folletos 17/01/2008   T-171-F-21 1174970 23/02/2023 23/02/2023 Folleto
        Colección de folletos Biblioteca del Ateneo de Madrid Biblioteca del Ateneo de Madrid Depósito folletos 17/01/2008   T-623-F-6 1174971 23/02/2023 23/02/2023 Folleto